Top-position Countries in FIFA World Ranking - Statistics

General Stats
  • This quiz has been taken 76 times
  • The average score is 8 of 8
Answer Stats
Answer % Correct
Argentina
100%
Brazil
100%
France
100%
Germany
99%
Belgium
97%
Italy
97%
Spain
96%
Netherlands
84%
No matching quizzes found
Score Distribution
Percent of People with Each Score
Percentile by Number Answered
Your Score History
You have not taken this quiz